000 00607nam a2200193 4500
001 121991
003 ES-MaACL
005 20250713091420.0
007 t|
008 070214s1979 sp r ||||1| spa d
100 1 _aPoe, Edgar Allan,
_d1809-1849
_9188384
245 1 0 _aNarración de Arthur Gordon Pym de Nantucket /
_cEdgar Allan Poe ; prólogo, traducción y notas de Julio Cortázar.
250 _a2ª ed.
260 _aMadrid :
_bAlianza,
_c1979.
300 _a214 p. ;
_c18 cm.
700 1 _aCortázar, Julio.
_940823
852 _aES-MaACL
_jA-9871
_bR.99418
999 _c121991
_d121991